000 00289nam a22001337a 4500
008 170614b xxu||||| |||| 00| 0 eng d
020 _a9781588266552
041 _aeng
080 _a327
100 _a19
101 _aSHP
245 _aGUERRILLA DIPLOMACY
_cCOPELAND,D
942 _2udc
_cBK
999 _c17323
_d17323